Mots de la langue française terminés par "lande" - Statistiques

Statistiques générales
  • Ce quiz a été pris 288 fois
  • Le résultat moyen est 8 sur 12
Statistiques - réponses
Indice Mot % Correct
Helsinki Finlande
97%
Reykjavik Islande
96%
Eire Irlande
93%
Pays Bas Hollande
92%
cordon décoratif guirlande
74%
Siam Thaïlande
63%
terre inculte lande
58%
tumeur glande
52%
prénom fêté le 11 juin Yolande
51%
prénom fêté le 13 mai Rolande
48%
grande cape houppelande
31%
province des Pays Bas Zélande
23%
Aucun quiz correspondant
Distribution des résultats
% des personnes avec chaque résultat
Percentile par nombre de réponses
Votre historique - résultats
Vous n’avez pas pris ce quiz